<?xml version="1.0" encoding="UTF-8"?>
<record
    xmlns:xsi="http://www.w3.org/2001/XMLSchema-instance"
    xsi:schemaLocation="http://www.loc.gov/MARC21/slim http://www.loc.gov/standards/marcxml/schema/MARC21slim.xsd"
    xmlns="http://www.loc.gov/MARC21/slim">

  <leader>00683nam a22001817a 4500</leader>
  <controlfield tag="003">0</controlfield>
  <controlfield tag="005">20160609165230.0</controlfield>
  <controlfield tag="008">091125t        xxu||||| |||| 00| 0 eng d</controlfield>
  <datafield tag="037" ind1=" " ind2=" ">
    <subfield code="b">Don</subfield>
  </datafield>
  <datafield tag="040" ind1=" " ind2=" ">
    <subfield code="a">Biblio-EPAC</subfield>
    <subfield code="b">F</subfield>
    <subfield code="c">UAC</subfield>
  </datafield>
  <datafield tag="082" ind1=" " ind2=" ">
    <subfield code="a">27.APE/ADJ</subfield>
  </datafield>
  <datafield tag="100" ind1=" " ind2=" ">
    <subfield code="a">Sessi Gilles Christian</subfield>
    <subfield code="9">2384</subfield>
  </datafield>
  <datafield tag="245" ind1=" " ind2=" ">
    <subfield code="a">Etude phyto&#xE9;cologique des savanes soudano-saheliennes et caract&#xE9;ristiques dendrom&#xE9;trieques de Afzelia Afrcana Smith Ex Pers.,Daniella Oliveri (Rolfe) Hutch.&amp;Dalz. et Anogeissus Leiocarpa (DC)Guill.&amp; Perr. : cas de la RBT-W (B&#xE9;nin),Commune de Karimama</subfield>
  </datafield>
  <datafield tag="260" ind1=" " ind2=" ">
    <subfield code="a">Biblio -EPAC</subfield>
    <subfield code="b">UAC</subfield>
    <subfield code="c">2007-2008</subfield>
  </datafield>
  <datafield tag="300" ind1=" " ind2=" ">
    <subfield code="a">I-52p</subfield>
  </datafield>
  <datafield tag="650" ind1=" " ind2=" ">
    <subfield code="b">GENIE ENVIRONNEMENT</subfield>
    <subfield code="9">2385</subfield>
  </datafield>
  <datafield tag="942" ind1=" " ind2=" ">
    <subfield code="c">LIVR</subfield>
  </datafield>
  <datafield tag="999" ind1=" " ind2=" ">
    <subfield code="c">46593</subfield>
    <subfield code="d">46593</subfield>
  </datafield>
  <datafield tag="952" ind1=" " ind2=" ">
    <subfield code="0">0</subfield>
    <subfield code="1">0</subfield>
    <subfield code="4">0</subfield>
    <subfield code="7">0</subfield>
    <subfield code="a">BEPAC</subfield>
    <subfield code="b">BEPAC</subfield>
    <subfield code="d">2009-11-25</subfield>
    <subfield code="e">Don</subfield>
    <subfield code="l">0</subfield>
    <subfield code="o">27.APE/ADJ</subfield>
    <subfield code="p">M15323</subfield>
    <subfield code="r">2009-11-25 00:00:00</subfield>
    <subfield code="t">3</subfield>
    <subfield code="w">2009-11-25</subfield>
    <subfield code="y">THE</subfield>
    <subfield code="z">3 Exemplaires dont un exclu du pr&#xEA;t</subfield>
  </datafield>
</record>
